[Event "GER-chT School WK 4"]
[Site "Playchess.com INT"]
[Date "2020.06.16"]
[Round "1.4"]
[White "Kalis, Vitus"]
[Black "Woll, Theo"]
[Result "1-0"]
[WhiteElo "1620"]
[BlackElo "1527"]
[PlyCount "129"]
[EventDate "2020.06.16"]
[EventType "team-swiss (blitz)"]
[EventRounds "5"]
[EventCountry "GER"]
[SourceTitle "EXT 2021"]
[Source "ChessBase"]
[SourceDate "2020.10.23"]
[SourceVersion "1"]
[SourceVersionDate "2020.10.23"]
[SourceQuality "1"]
[WhiteTeam "Berlin Kollwith Gymn"]
[BlackTeam "Gernsheim Gymn"]
[WhiteTeamCountry "GER"]
[BlackTeamCountry "GER"]

1. c4 d5 2. b3 Nf6 3. d3 Nc6 4. Nf3 e6 5. Nc3 Bb4 6. Bd2 0-0 7. a3 Bc5 8. b4 Bd6 9. c5 Be5 10. Nxe5 Nxe5 11. d4 Ned7 12. e3 b6 13. Bb5 bxc5 14. bxc5 a6 15. Bc6 Rb8 16. 0-0 Bb7 17. Bxb7 Rxb7 18. Rb1 Ra7 19. Ne2 c6 20. Qa4 Rc7 21. Qxa6 Nb8 22. Qb6 Nbd7 23. Qb2 Ne4 24. Ba5 Nef6 25. Bxc7 Qxc7 26. Qb7 Rc8 27. Qxc7 Rxc7 28. a4 Ra7 29. Nc3 Ne4 30. Nxe4 dxe4 31. Rb4 e5 32. Rfb1 h6 33. Ra1 exd4 34. Rxd4 Nxc5 35. Rd8+ Kh7 36. a5 Nb3 37. Rad1 Rxa5 38. h3 Nc5 39. Rc1 Nb3 40. Rxc6 Ra1+ 41. Kh2 Na5 42. Ra6 f5 43. Rd5 f4 44. Raxa5 Rf1 45. Ra4 fxe3 46. fxe3 Rf2 47. Rxe4 Re2 48. Re8 Rf2 49. e4 Rf4 50. e5 Rf5 51. Rdd8 g5 52. e6 Re5 53. e7 Kg7 54. Rg8+ Kf7 55. e8Q+ Rxe8 56. Rdxe8 Kf6 57. Re1 Kf7 58. Ra8 Kf6 59. Ra2 Kg6 60. Rf2 Kh5 61. g4+ Kg6 62. Re6+ Kg7 63. Rff6 Kg8 64. Re7 Kh8 65. Rf8# 1-0